000 00656nam a2200193 a 4500
001 000013604
005 20200929163301.0
008 091126s1951 dr 000 0 spa d
040 _aDO-SdBNP
_bspa
_cBNPHU
082 _a341.35
_bA516f
100 1 _aAmiama Tió, Fernándo A.
_931005
245 1 4 _aLas funciones consulares /
_cFernándo A. Amiama Tió.
260 _aCiudad Trujillo, República Dominicana :
_bArte y Cine,
_c1951.
300 _a172 p. ;
_c24 cm.
650 4 _aDerecho diplomatico y consular
_910195
651 4 _aRepública Dominicana
_xServicio Diplomatico Consular
_931006
910 _aValidado. Control de calidad MFF
049 _aBNPD
999 _c13219
_d13219